Most Common STDs - Statistics

General Stats
  • This quiz has been taken 583 times
  • The average score is 4 of 7
Answer Stats
Sexually Transmitted Disease % Correct
7 HIV
95%
5 Herpes
81%
4 Gonorrhea
75%
2 Chlamydia
69%
6 Syphilis
55%
1 Human Papilloma Virus (HPV)
40%
3 Trichmoniasis
10%
No matching quizzes found
Score Distribution
Percent of People with Each Score
Percentile by Number Answered
Your Score History
You have not taken this quiz